000 02281cam a2200325 a 4500
999 _c22680
_d22680
001 16676747
003 OSt
005 20170124150250.0
008 110303s2011 ctua b 001 0 eng
010 _a 2011009738
020 _a9780300169140 (cloth : alk. paper)
040 _aDLC
_cDLC
_dDLC
042 _apcc
050 0 0 _aNA680
_b.R655 2011
082 0 0 _a724/.6089924
_222
100 1 _aRosenfeld, Gavriel David,
_d1967-
245 1 0 _aBuilding after Auschwitz :
_bJewish architecture and the memory of the Holocaust /
_cGavriel D. Rosenfeld.
246 3 0 _aJewish architecture and memory after the Holocaust
260 _aNew Haven [Conn.] ;
_aLondon :
_bYale University Press,
_c2011.
300 _aix, 438 p. :
_bill. (some col.) ;
_c27 cm.
504 _aIncludes bibliographical references (p. 357-415) and index.
505 0 _aIntroduction -- Jewish architecture before the Holocaust. From the wilderness to World War II: a brief history of Jewish architecture -- After the Holocaust: Jewish architecture in the era of Modernism. Adorno's echoes: the Holocaust's cultural legacy at mid-century -- American synagogue architecture and the missing Holocaust -- Synagogues in Germany: between forgetting and remembrance -- Jewish architects and secular Jewish architecture -- Toward a more Jewish modernism: Louis L. Kahn -- Jewish architecture in the postmodern era. Postmodernism, post-Holocaust culture, and architectural discourse -- The Deconstructivists: Eisenman, Libeskind, and Gehry -- Jewish architects between alienation and assimilation -- Holocaust museums: a new form of Jewish architecture -- Jewish architecture between nightmare, nostalgia, and normalcy.
650 0 _aArchitecture, Modern
_y20th century.
650 0 _aArchitecture, Modern
_y21st century.
650 0 _aHolocaust, Jewish (1939-1945), and architecture.
650 0 _aJudaism and architecture.
650 0 _aJews
_xIdentity.
906 _a7
_bcbc
_corignew
_d1
_eecip
_f20
_gy-gencatlg
942 _2lcc
_cBOOKS
_hNA 680 .R655 2011